000 00868nam a22002777a 4500
003 CHAP
005 20220329140817.0
008 971013s1966 r 00010 d
010 _a57987
011 _a58959
035 _a63116
040 _cCHAP
082 _a301.24
_bS5
100 0 0 _aSmith, Alfred G.
_9106953
245 _aCommunication and culture ; readings in the codes of human interaction
260 _aNew York :
_bHolt, Rinehart and Winston,
_c1966
300 _a626 p.
_b: ilus.
590 _aBATCH-UPD
_b10
_c20130110
_lUCH01
_h0349
590 _aBATCH-UPD
_b10
_c20130410
_lUCH01
_h0022
590 _aBATCH-UPD
_b10
_c20130914
_lUCH01
_h1023
590 _aCONVERSION
_b10
_c20130109
_lUCH01
_h1331
650 1 4 _aComunicación de masas.
_926210
901 _aBK
942 _cLIBRO
949 _a301.24 S5
_bBC
_cLIBRO
_d33724000291993
_eLIBRO
_h27831
_i63116
_si
999 _c57987
_d57987